| 000 | 00333nam a2200121Ia 4500 | ||
|---|---|---|---|
| 008 | 220216s9999 xx 000 0 und d | ||
| 100 | _aRaghavan K.N | ||
| 245 | 0 | _aFocus on molecular biology and rubber products development essential | |
| 260 |
_bRubber India _c2021 |
||
| 300 | _a39-40 | ||
| 650 | _aCertificate course | ||
| 942 | _cJS | ||
| 999 |
_c59497 _d59497 |
||